Hikmah & motivasi menuju kejayaan

Bibliographic Details
Other Authors: Muhammad Najib
Format: Book
Published: Kuala Lumpur : Berlian Publications , 2005
Subjects:

MARC

LEADER 00000cam a2200000 7i4500
001 0000017368
005 20080526.0
008 080520
020 |a 9832179416 
090 0 0 |a 297.57   |b HIK 
245 1 0 |a Hikmah & motivasi menuju kejayaan   |c susunan Muhammad Najib 
260 |a Kuala Lumpur :   |b Berlian Publications ,   |c 2005 
650 0 |a Islam   |x Customs and practice 
650 0 |a Success aspect   |x Religious islam 
700 0 |a Muhammad Najib 
999 |a 0001004634   |b Book   |c Adult Collection   |e Cawangan Pontian 
999 |a 0001004635   |b Book   |c Adult Collection   |e Perbadanan Perpustakaan Awam Johor 
999 |a 0001004636   |b Book   |c Adult Collection   |e Cawangan Pontian 
999 |a 0001006415   |b Book   |c Adult Collection   |e Perbadanan Perpustakaan Awam Johor 
999 |a 0001006416   |b Book   |c Adult Collection   |e Cawangan Tangkak 
999 |a 0001006417   |b Book   |c Adult Collection   |e Cawangan Bandar Tenggara 
999 |a 1004636   |b Book   |c Adult Collection   |e Cawangan Pontian